000 00627nam a2200181Ia 4500
008 090124s9999 xx 000 0 und d
082 _b9923
_a1223
100 _aआफळे गोविंदस्वामी
245 _a तूं बायको ना त्याची ?
250 _a1
260 _c1958
300 _a56
600 _aआफळे गोविंदस्वामी
630 _a तूं बायको ना त्याची ?
700 _aआफळे गोविंदस्वामी
730 _a तूं बायको ना त्याची ?
942 _cBOOK
999 _c123977
_d123977